000 00437nam a2200181Ia 4500
001 8040
005 20250626025540.0
008 211022s9999 xx 000 0 und d
020 _a8186199470
082 _a746.6 INT
100 _aInternational Intitute of Design ( Comp )
245 0 _aLeading Lights on Design
260 _aAhmedabad
260 _bInternational Intitute of Desi
260 _c2004
300 _a323
942 _cBK
999 _c5227
_d5227